A$AP Rocky Rapper Quiz - Statistics

General Stats
  • This quiz has been taken 7 times
  • The average score is 9 of 15
Answer Stats
Hint Answer % Correct
Most recent album as of 2026 Don't Be Dumb
100%
Amount of Grammys won 0
86%
City he often mentions in his songs Harlem
86%
City he's from Harlem
86%
Most popular song Praise The Lord
86%
2026 diss track about Drake STOLE YA FLOW
86%
Most popular album AT.LONG.LAST.A$AP
71%
His first mixtape LIVE.LOVE.A$AP
71%
His first album LONG.LIVE.A$AP
71%
His current label AWGE
57%
His label he made in 2014 AWGE
57%
"Flacko hit it ___, ___" first, son
43%
What he's also known as Flacko
29%
His old record label Polo Grounds
14%
His mom's name Renee Black
0%
No matching quizzes found
Score Distribution
Percent of People with Each Score
Percentile by Number Answered
Your Score History
You have not taken this quiz